| 000 | 00490nam a22001697a 4500 | ||
|---|---|---|---|
| 003 | MACL | ||
| 005 | 20160402133146.0 | ||
| 008 | 160402b xxu||||| |||| 00| 0 eng d | ||
| 040 | _cMACL | ||
| 041 | _aHindi | ||
| 082 | _a330 | ||
| 100 |
_aडॉ अमर्त्य सेन _949761 |
||
| 245 | _aन्याय का स्वरूप | ||
| 260 |
_aदिल्ली _bराजपाल एण्ड संस |
||
| 650 |
_aEconomics _950041 |
||
| 942 |
_2ddc _cHIN |
||
| 999 |
_c53685 _d53685 |
||